000 00619nam a2200229Ia 4500
005 20260429112111.0
008 260429s9999||||xx |||||||||||||| ||und||
020 _a9781032503226
041 _aEnglish
082 _a305.26
_bWAG
100 _aWagner, Lisa S.
245 0 _aAging and diversity :
_bsocial and community contexts of aging /
_cLisa S. Wagner
250 _a4th ed.
260 _aNew York :
_bRoutledge,
_c2026.
300 _axxiv, 531 p.; pbk
650 _a Community
650 _a Social contexts
650 _aAging
700 _a Guo, Man
700 _a Mehrotra, Chandra M.
942 _cTB
999 _c52354
_d52354